000 nam a22 a 4500
999 _c674
_d674
005 20170504150244.0
008 170504b1994 -us||||| |||| 00| 0 eng d
020 _a0449909581
040 _aAKMAL
082 _a158.7 BYH
090 _a158.7
_bBYH
245 _aHeroz :
_bEmpower Yourself, Your Coworkers, Your Company
_cWilliam C. Byham, and Jeff Cox
260 _aunited States
_bHarmony Books, a division of Crown Publisher, Inc
_c1994
300 _a203 pg
_ccm
942 _2ddc
_cBOOK